Who's who of members of Lok Sabha (first to thirteenth Lok Sabha) (Record no. 478775)

000 -LEADER
fixed length control field 00369cam a22001097a 4500
008 - FIXED-LENGTH DATA ELEMENTS--GENERAL INFORMATION
fixed length control field 180718b2003 xxu||||| |||| 00| 0 eng d
082 ## - DEWEY DECIMAL CLASSIFICATION NUMBER
Classification number A95x54 L/1-13
245 ## - TITLE STATEMENT
Title Who's who of members of Lok Sabha (first to thirteenth Lok Sabha)
Statement of responsibility, etc. by Lok Sabha Secretariat
260 ## - PUBLICATION, DISTRIBUTION, ETC.
Place of publication, distribution, etc. New Delhi
Name of publisher, distributor, etc. Lok Sabha Secretariat
Date of publication, distribution, etc. 2003
300 ## - PHYSICAL DESCRIPTION
Extent 857p.
700 ## - ADDED ENTRY--PERSONAL NAME
Personal name India. Lok Sabha Secretariat
Holdings
Withdrawn status Lost status Damaged status Not for loan Permanent Location Current Location Date acquired Full call number Barcode Date last seen Price effective from Koha item type
        Indian Institute of Public Administration Indian Institute of Public Administration 2018-08-04 A95x54 L/1-13 GG26858 2018-08-04 2018-08-04 GG

Powered by Koha